000 00977nam a2200337 a 4500
003 AR-BaBNM
005 20251128205247.0
008 082120s2002 ||||||||||||||000 | spa||
020 _a84-493-0220-X
040 _cAR-BaBNM
100 1 _aGrover Duffy, Karen
245 0 0 _aLa mediación y sus contextos de aplicación
_buna introducción para profesionales e investigadores
250 _a1ª ed.
260 _aBarcelona
_bPaidós
_c1996
300 _a413 p.
_bil.
490 0 _aPaidós mediación
_vv. 1
500 _aContiene referencia bibliográficas
650 4 _aDERECHO PROCESAL
650 4 _aPROCEDIMIENTO JUDICIAL
650 4 _aMEDIACION
650 4 _aARBITRAJE
650 4 _aCONCILIACION
650 4 _aNEGOCIACION
650 4 _aSOLUCION DE CONFLICTOS
700 1 _aGrosch, James W.
700 1 _aOlczak, Paul V.
700 1 _aChristian, Thomas F.
_eprologuista
700 1 _aGaroz, María Angeles
_etraductor
942 _cBK
998 _cCarmen
999 _c10632
_d10632